| 000 | 00596nam a2200181Ia 4500 | ||
|---|---|---|---|
| 005 | 20250423094739.0 | ||
| 008 | 250422s9999 xx 000 0 und d | ||
| 020 | _a9781032727479 | ||
| 050 | _aPN 1993.5 .D44 .C56/ | ||
| 100 | _aEdited by Dilip M Menon and Amir Taha. | ||
| 245 | 0 | _aCinemas of the global south | |
| 260 | _aAbingdon, Oxon | ||
| 260 | _bRoutledge | ||
| 260 | _c2024 | ||
| 300 | _axi, 231p. ill. | ||
| 650 | _aMotion pictures--Developing countries Motion picture industry--Developing countries Film criticism--Developing countries Motion pictures--Aesthetics | ||
| 942 | _cBK | ||
| 999 |
_c28173 _d28173 |
||